Learn German color - Statistics

General Stats
  • This quiz has been taken 38 times
  • The average score is 10 of 14
Answer Stats
English German / Deutsch % Correct
Red Rot
100%
Green Grün
90%
Blue Blau
87%
Yellow Gelb
83%
Black Schwarz
83%
Gray Grau
80%
Orange Orange
80%
White Weiß
80%
Brown Braun
73%
Pink Rosa
67%
Dark blue Dunkelblau
53%
Silver Silber
53%
Golden Golden
47%
Light blue Hellblau
47%
No matching quizzes found
Score Distribution
Percent of People with Each Score
Percentile by Number Answered
Your Score History
You have not taken this quiz